| 000 | 00000nam 2200000zi 4500 |
| 001 | 9.917991 |
| 003 | CaOODSP |
| 005 | 20221205111008 |
| 006 | m o d f |
| 007 | cr |n||||||||| |
| 008 | 221205e20220530onc ob f000 0 eng d |
| 020 | |z9780660345512 |
| 040 | |aCaOODSP|beng|erda|cCaOODSP |
| 043 | |an-cn--- |
| 086 | 1 |aBT22-224/2-2022E-PDF|zBT22-224/2-2020E-PDF |
| 245 | 00|aGuide to ex gratia payments and honorariums. |
| 264 | 1|aOttawa, Ontario : |bTreasury Board of Canada, Secretariat, |c2022-05-30. |
| 264 | 4|c©2022 |
| 300 | |a1 online resource (11 pages) |
| 336 | |atext|btxt|2rdacontent |
| 337 | |acomputer|bc|2rdamedia |
| 338 | |aonline resource|bcr|2rdacarrier |
| 500 | |aIssued also in French under title: Guide sur les paiements à titre gracieux etdes versements à titre gratuit. |
| 500 | |a"Published: 2022-05-30"--Cover. |
| 500 | |aCatalogue number and ISBN of earlier edition are printed in this publication. |
| 504 | |aIncludes bibliographical references. |
| 520 | |a"The purpose of this guide is to support departments in managing ex gratia payments and honorariums"--Application, purpose and scope. |
| 650 | 0|aGovernment spending policy|zCanada. |
| 650 | 0|aFinance, Public|zCanada. |
| 710 | 1 |aCanada. |bTreasury Board, |eissuing body. |
| 775 | 08|tGuide sur les paiements à titre gracieux et des versements à titre gratuit.|w(CaOODSP)9.917994 |
| 856 | 40|qPDF|s282 KB|uhttps://publications.gc.ca/collections/collection_2022/sct-tbs/BT22-224-2-2022-eng.pdf |
| 856 | 4 |qHTML|sN/A|uhttps://www.tbs-sct.canada.ca/pol/doc-eng.aspx?id=32647 |